ՀՀ Գիտությունների ազգային ակադեմիայի հիմնարար գիտական գրադարան  =   Fundamental Scientific Library of NAS RA

"Лусабацин" / На рассвете / : (Record no. 148573)

MARC details
000 -LEADER
fixed length control field 02036nam a2200337 a 4500
001 - CONTROL NUMBER
control field 000391554
003 - CONTROL NUMBER IDENTIFIER
control field AM-YeHGA
005 - DATE AND TIME OF LATEST TRANSACTION
control field 20250618072336.0
008 - FIXED-LENGTH DATA ELEMENTS--GENERAL INFORMATION
fixed length control field 041204s1939 ai 000 | rus d
040 ## - CATALOGING SOURCE
Original cataloging agency AM-YeHGA
041 1# - LANGUAGE CODE
Language code of text/sound track or separate title rus
090 ## - LOCALLY ASSIGNED LC-TYPE CALL NUMBER (OCLC); LOCAL CALL NUMBER (RLIN)
-- 149961
110 1# - MAIN ENTRY--CORPORATE NAME
Corporate name or jurisdiction name as entry element Театр оперы и балета Арм. ССР
Affiliation ( Ереван )
245 11 - TITLE STATEMENT
Title "Лусабацин" / На рассвете / :
Remainder of title Опера в 5 актах : [ Сб. ст. и полное либретто оперы ] /
Statement of responsibility, etc. Комитет по делам искусств при СНК СССР. Декада арм. искусства в Москве 1939. Упр. по делам искусств при СНК АрмССР; Музыка А.Степаняна; Обл., заставки и концовки худ. М.Арутчьяна; Либретто Т.С.Ахумяна; Пер. под ред. С.В.Шервинского.
246 35 - VARYING FORM OF TITLE
Title proper/short title Լուսաբացին
246 30 - VARYING FORM OF TITLE
Title proper/short title На рассвете
260 ## - PUBLICATION, DISTRIBUTION, ETC.
Place of publication, distribution, etc. Москва :
Name of publisher, distributor, etc. Искусство ,
Date of publication, distribution, etc. 1939.
300 ## - PHYSICAL DESCRIPTION
Extent 76,4 с. :
Other physical details ил.,4 вкл. л. цв. ил. ;
Dimensions 22 см.
500 ## - GENERAL NOTE
General note На тит. л. указано : А.Степанян. Лусабацин.
650 14 - SUBJECT ADDED ENTRY--TOPICAL TERM
Topical term or geographic name entry element Опера
Form subdivision Либретто
650 14 - SUBJECT ADDED ENTRY--TOPICAL TERM
Topical term or geographic name entry element Оперное искусство
General subdivision Армения
650 14 - SUBJECT ADDED ENTRY--TOPICAL TERM
Topical term or geographic name entry element Музыка
Geographic subdivision Армения
700 1# - ADDED ENTRY--PERSONAL NAME
Personal name Степанян, Аро Л
Relator term комп.
Relationship cmp
700 1# - ADDED ENTRY--PERSONAL NAME
Personal name Արուտչյան, Միքայել Ավետի,
Dates associated with a name 1897-1961
Relator term худ.
Relationship art
9 (RLIN) 1080
700 1# - ADDED ENTRY--PERSONAL NAME
Personal name Հախումյան, Տիգրան Սիմեոնի,
Dates associated with a name 1894-1973
Relator term либреттист
Relationship ibt
9 (RLIN) 1317
700 1# - ADDED ENTRY--PERSONAL NAME
Personal name Шервинский, Сергей Васильевич.
Relator term пер., ред.
Relationship trl
-- edt
710 2# - ADDED ENTRY--CORPORATE NAME
Corporate name or jurisdiction name as entry element Комитет по делам искусств при СНК СССР
710 2# - ADDED ENTRY--CORPORATE NAME
Corporate name or jurisdiction name as entry element Управление по делам искусств при СНК Армянской ССР
711 2# - ADDED ENTRY--MEETING NAME
Meeting name or jurisdiction name as entry element Декада армянского искусства
Date of meeting or treaty signing ( 1939;
Location of meeting Москва )
942 ## - ADDED ENTRY ELEMENTS (KOHA)
Source of classification or shelving scheme Universal Decimal Classification
Koha item type Գրքեր / Books
Holdings
Withdrawn status Lost status Damaged status Not for loan Collection Home library Current library Date acquired Total checkouts Full call number Barcode Date last seen Price effective from Koha item type Public note
        General Fundamental Scientific Library Fundamental Scientific Library 28/12/2016   PII/489211 FL0253994 28/12/2016 28/12/2016 Գրքեր / Books 30 Days Loan


ՀՀ ԳԱԱ հիմնարար գիտական գրադարան
ՀՀ,Երևան 0019
Մարշալ Բաղրամյան 24/6
հեռախոս:(374-10) 52-47-50
Հետադարձ կապ

All site content, except where otherwise noted, is licensed under a
Creative Commons License